[Event "Madrid ch Veteranos 2015-2016"]
[Site "Madrid ESP"]
[Date "2016.01.12"]
[Round "2.19"]
[White "Perez Cameselle, Francisco Jose"]
[Black "Rodriguez Bachiller, Luis"]
[Result "1/2-1/2"]
[WhiteElo "1917"]
[BlackElo "1660"]
[PlyCount "116"]
[EventDate "2016.01.11"]
[EventType "swiss"]
[EventRounds "9"]
[EventCountry "ESP"]
[Source "lmi"]
[SourceDate "2016.01.11"]

1. e4 e5 2. Nf3 Nc6 3. Bb5 d6 4. d4 exd4 5. Nxd4 Bd7 6. Nc3 Nf6 7. O-O Be7 8.
f4 Nxd4 9. Bxd7+ Nxd7 10. Qxd4 O-O 11. Be3 a6 12. Rad1 Re8 13. Rf3 Bf8 14. Rh3
c6 15. e5 d5 16. Qd3 g6 17. g4 Qc8 18. Kh1 Nc5 19. Bxc5 Bxc5 20. Qg3 Be7 21. g5
Kg7 22. Qh4 Rh8 23. Ne2 Qf5 24. Nd4 Qe4+ 25. Kg1 Bc5 26. c3 Bxd4+ 27. Rxd4 Qb1+
28. Kg2 Qxb2+ 29. Qf2 Qxf2+ 30. Kxf2 h6 31. gxh6+ Rxh6 32. Rxh6 Kxh6 33. c4 Rd8
34. cxd5 cxd5 35. Ke3 Kg7 36. Rb4 Rd7 37. Kd4 Kf8 38. a4 Ke7 39. h3 f6 40. Rb6
fxe5+ 41. fxe5 Kf8 42. Rxg6 Rh7 43. Kxd5 Rxh3 44. Rb6 Rh7 45. e6 Ke8 46. Kd6
Rg7 47. a5 Rh7 48. Rb1 Rg7 49. Rh1 Rg8 50. Rh7 Kd8 51. Rxb7 Kc8 52. Ra7 Rd8+
53. Ke7 Rd5 54. Rxa6 Kb7 55. Rd6 Rxa5 56. Rd7+ Kc8 57. Ke8 Rh5 58. Ke7 Rh7+
1/2-1/2

[Event "Madrid ch Veteranos 2015-2016"]
[Site "Madrid ESP"]
[Date "2016.01.12"]
[Round "2.20"]
[White "Losada Gonzalez, Andres"]
[Black "Ramos Antona, Enrique"]
[Result "1/2-1/2"]
[WhiteElo "1789"]
[BlackElo "1585"]
[PlyCount "96"]
[EventDate "2016.01.11"]
[EventType "swiss"]
[EventRounds "9"]
[EventCountry "ESP"]
[Source "lmi"]
[SourceDate "2016.01.11"]

1. d4 d5 2. e3 c6 3. Bd3 Nf6 4. Nd2 Bg4 5. f3 Bh5 6. g4 Bg6 7. h4 Bxd3 8. cxd3
e6 9. g5 Nh5 10. Ne2 g6 11. f4 Bg7 12. Nf3 Nd7 13. b4 O-O 14. Qb3 b6 15. Bb2
Qc7 16. Rc1 Rfc8 17. Ne5 Nxe5 18. fxe5 Qd7 19. Kd2 a5 20. a3 axb4 21. axb4 Qa7
22. Ra1 Qb7 23. Rxa8 Rxa8 24. Ra1 Rxa1 25. Bxa1 Bf8 26. Qa4 h6 27. Ng1 hxg5 28.
hxg5 Be7 29. Nf3 b5 30. Qa5 Ng3 31. Bc3 Kg7 32. Kc2 Kf8 33. Be1 Nf5 34. Bf2 Ng7
35. Be1 Ne8 36. Kb3 Nc7 37. Bc3 Bd8 38. Qa1 Qa6 39. Qxa6 Nxa6 40. e4 Nc7 41.
Bd2 Be7 42. Kb2 Ke8 43. Kb3 Kd7 44. Nh2 Ne8 45. Ng4 Bf8 46. Nh6 Ke7 47. Ng8+
Kd7 48. Nh6 Ke7 1/2-1/2

[Event "Madrid ch Veteranos 2015-2016"]
[Site "Madrid ESP"]
[Date "2016.01.12"]
[Round "2.21"]
[White "Perez Nuñez Castillo, Jose Antonio"]
[Black "Corredor Gonzalez, Angel L"]
[Result "1-0"]
[WhiteElo "1601"]
[BlackElo "1780"]
[PlyCount "73"]
[EventDate "2016.01.11"]
[EventType "swiss"]
[EventRounds "9"]
[EventCountry "ESP"]
[Source "lmi"]
[SourceDate "2016.01.11"]

1. d4 Nf6 2. b3 e6 3. Nf3 d5 4. e3 c5 5. Bb2 Nc6 6. Bd3 cxd4 7. exd4 Bb4+ 8.
Nbd2 Ne4 9. O-O Nc3 10. Qc1 Ba5 11. a3 e5 12. dxe5 d4 13. Nc4 Bc7 14. Qe1 O-O
15. Bxc3 dxc3 16. Qxc3 Bg4 17. Nfd2 Rc8 18. f4 Nd4 19. Qb2 Re8 20. Rae1 Re6 21.
Ne3 Bh5 22. c3 Nc6 23. Bf5 Rh6 24. Bxc8 Qxc8 25. Nd5 Bd8 26. Ne4 Bh4 27. Re3
Bg6 28. Nd6 Qd7 29. c4 Ne7 30. Nxe7+ Bxe7 31. Qd2 Bf5 32. Qd5 Bxd6 33. exd6 Be6
34. Qd4 b6 35. f5 Bxf5 36. Rxf5 Rxd6 37. Re8+ 1-0

[Event "Madrid ch Veteranos 2015-2016"]
[Site "Madrid ESP"]
[Date "2016.01.12"]
[Round "2.22"]
[White "Rodriguez Bernal, Herman"]
[Black "Folgar Lopez, Angel"]
[Result "1-0"]
[WhiteElo "1768"]
[BlackElo "1550"]
[PlyCount "91"]
[EventDate "2016.01.11"]
[EventType "swiss"]
[EventRounds "9"]
[EventCountry "ESP"]
[Source "lmi"]
[SourceDate "2016.01.11"]

1. d4 Nf6 2. c4 e6 3. Nf3 d5 4. Nc3 Be7 5. Bg5 h6 6. Bxf6 Bxf6 7. e4 dxe4 8.
Nxe4 Nd7 9. Qc2 b6 10. O-O-O Bb7 11. h4 Qe7 12. Bd3 a5 13. Qa4 O-O 14. g4 c5
15. g5 Bxd4 16. gxh6 f5 17. hxg7 Rf7 18. Neg5 Bxf3 19. Nxf3 Bxg7 20. Ng5 Qf6
21. Qc2 Re7 22. f4 Nb8 23. Rdg1 Nc6 24. a3 Nd4 25. Qg2 Rd8 26. Rh3 Nb3+ 27. Kb1
Red7 28. Nxe6 Qxe6 29. Rg3 Qf6 30. Rg6 Qd4 31. Ka2 a4 32. Bxf5 Re7 33. Be6+ Kh8
34. Qc2 Rxe6 35. Rxg7 Qd3 36. Qg2 Nc1+ 37. Rxc1 Qb3+ 38. Kb1 Qd3+ 39. Ka1 Rde8
40. Rg3 Qd4 41. Rgc3 Re2 42. Qg6 Rd2 43. Qh6+ Kg8 44. Qg6+ Kf8 45. Qf5+ Kg8 46.
Rg3+ 1-0

[Event "Madrid ch Veteranos 2015-2016"]
[Site "Madrid ESP"]
[Date "2016.01.12"]
[Round "2.23"]
[White "Fernandez Bujarrabal, Pedro V"]
[Black "Hernandez Garcia, Carlos"]
[Result "0-1"]
[WhiteElo "1582"]
[BlackElo "1747"]
[PlyCount "67"]
[EventDate "2016.01.11"]
[EventType "swiss"]
[EventRounds "9"]
[EventCountry "ESP"]
[Source "lmi"]
[SourceDate "2016.01.11"]

1. e4 c5 2. Nf3 d6 3. d4 cxd4 4. Nxd4 Nf6 5. Nc3 a6 6. Bg5 e6 7. Be2 Be7 8. Qd2
Nbd7 9. O-O O-O 10. Rad1 Qc7 11. Kh1 b5 12. a3 Bb7 13. f3 Rfe8 14. Be3 Rac8 15.
g4 Ne5 16. Rg1 Nc4 17. Bxc4 Qxc4 18. Nb3 Qc7 19. Qf2 d5 20. Bb6 Qb8 21. Na5
dxe4 22. Nxb7 Qxb7 23. Nxe4 Nxe4 24. fxe4 Qxe4+ 25. Rg2 Rc6 26. Rd7 e5 27. h3
Rf6 28. Qg1 Qc6 29. g5 Rf3 30. Kh2 Qxd7 31. Rg3 Rxg3 32. Kxg3 Bxg5 33. h4 Bf4+
34. Kf2 0-1

[Event "Madrid ch Veteranos 2015-2016"]
[Site "Madrid ESP"]
[Date "2016.01.12"]
[Round "2.24"]
[White "Keller, August"]
[Black "Arroyo Fraile, Mario"]
[Result "1-0"]
[WhiteElo "1746"]
[BlackElo "1530"]
[PlyCount "109"]
[EventDate "2016.01.11"]
[EventType "swiss"]
[EventRounds "9"]
[EventCountry "ESP"]
[Source "lmi"]
[SourceDate "2016.01.11"]

1. d4 Nf6 2. c4 e5 3. Bg5 exd4 4. Nf3 Nc6 5. Nxd4 Bb4+ 6. Nc3 O-O 7. a3 Bc5 8.
e3 Re8 9. Be2 Be7 10. O-O d6 11. b4 a6 12. Nxc6 bxc6 13. Bf3 Bd7 14. b5 axb5
15. cxb5 d5 16. a4 cxb5 17. axb5 Rxa1 18. Qxa1 Be6 19. Qa5 Bc5 20. Rd1 Bb6 21.
Qa4 Qa8 22. Bxf6 Qxa4 23. Nxa4 gxf6 24. Nxb6 cxb6 25. Bxd5 Rc8 26. Bc6 Kf8 27.
f3 Ke7 28. Kf2 Rc7 29. Ra1 Kd6 30. e4 h5 31. Ke3 f5 32. Kd4 fxe4 33. fxe4 Bd7
34. Ra6 Bxc6 35. Rxb6 Kd7 36. bxc6+ Kd6 37. Rb7 Rxc6 38. Rxf7 Rc2 39. Rf6+ Ke7
40. Rg6 Kf7 41. Rg5 Kf6 42. h4 Rf2 43. g3 Rf3 44. Rxh5 Rxg3 45. Rg5 Rh3 46.
Rf5+ Kg6 47. Rf4 Rh1 48. Ke5 Ra1 49. Kd6 Ra6+ 50. Kc5 Ra5+ 51. Kb4 Re5 52. Kc4
Ra5 53. Kd3 Kh5 54. Rf5+ Rxf5 55. exf5 1-0

[Event "Madrid ch Veteranos 2015-2016"]
[Site "Madrid ESP"]
[Date "2016.01.12"]
[Round "2.25"]
[White "Salgado Duarte, Pablo"]
[Black "Minguela Muñoz, Bienvenido"]
[Result "0-1"]
[WhiteElo "1518"]
[BlackElo "1728"]
[PlyCount "150"]
[EventDate "2016.01.11"]
[EventType "swiss"]
[EventRounds "9"]
[EventCountry "ESP"]
[Source "lmi"]
[SourceDate "2016.01.11"]

1. d4 Nf6 2. c4 e6 3. Nc3 Bb4 4. Bd2 O-O 5. Nf3 b6 6. e3 Bb7 7. Be2 d5 8. O-O
dxc4 9. Bxc4 a6 10. Bd3 Nbd7 11. a3 Bd6 12. Re1 e5 13. e4 exd4 14. Nxd4 Ne5 15.
Bc2 Neg4 16. Nf3 Bc5 17. Rf1 Nxf2 18. Rxf2 Ng4 19. Be1 Qe7 20. h3 Nxf2 21. Bxf2
Bxf2+ 22. Kxf2 Rad8 23. Qe2 Qc5+ 24. Qe3 Qh5 25. Qf4 Rd6 26. Kg1 Qc5+ 27. Kh1
Qf2 28. Qc1 Rg6 29. Ne1 Rd8 30. Nd5 Rd7 31. Qe3 Qf1+ 32. Kh2 Rxg2+ 33. Nxg2
Qxa1 34. Qd4 Bxd5 35. exd5 Qf1 36. Qe4 Kf8 37. Qxh7 Qf6 38. Qh8+ Ke7 39. Qh5
Qxb2 40. Qe2+ Kf8 41. Nf4 Qf6 42. Qe4 Re7 43. Qf5 Qxf5 44. Bxf5 g5 45. Ng2 Re5
46. Bd3 Rxd5 47. Bxa6 Ra5 48. Bb7 Rxa3 49. Ne1 b5 50. Nf3 f6 51. Nd4 Ke7 52.
Nxb5 Rb3 53. Ba6 c5 54. Nc7 Kd6 55. Ne8+ Ke5 56. Kg2 f5 57. Ng7 f4 58. Be2 Re3
59. Bb5 Rb3 60. Be2 Rb4 61. Ne8 c4 62. Nc7 c3 63. Bd3 Rb2+ 64. Kf3 c2 65. Bxc2
Rxc2 66. Nb5 Rh2 67. Kg4 Rg2+ 68. Kf3 Rg3+ 69. Kf2 Rxh3 70. Na7 g4 71. Nc6+ Ke4
72. Nb4 g3+ 73. Kg2 Rh2+ 74. Kg1 f3 75. Na6 Rc2 0-1

[Event "Madrid ch Veteranos 2015-2016"]
[Site "Madrid ESP"]
[Date "2016.01.12"]
[Round "2.26"]
[White "Perez Gonzalez, Jesus Miguel"]
[Black "Cortijo Manso, Luis"]
[Result "1-0"]
[WhiteElo "1706"]
[BlackElo "1508"]
[PlyCount "73"]
[EventDate "2016.01.11"]
[EventType "swiss"]
[EventRounds "9"]
[EventCountry "ESP"]
[Source "lmi"]
[SourceDate "2016.01.11"]

1. g3 g6 2. Bg2 Bg7 3. c4 c5 4. Nc3 Nc6 5. Nf3 e6 6. O-O Nge7 7. d3 O-O 8. Rb1
d6 9. Re1 Qd7 10. e3 b6 11. d4 Bb7 12. dxc5 bxc5 13. Ne4 Rad8 14. Qa4 Nc8 15.
Rd1 Nb4 16. Qxd7 Rxd7 17. Nxc5 Rc7 18. Nxb7 Rxb7 19. a3 Na6 20. b4 Nc7 21. Ne5
d5 22. Nd7 Re8 23. c5 Rd8 24. c6 Rb6 25. Nxb6 Nxb6 26. Bb2 Bf8 27. Be5 Rc8 28.
e4 Nc4 29. Bxc7 Rxc7 30. exd5 exd5 31. b5 Nxa3 32. Rb3 Nc4 33. Rxd5 Nb6 34. Rd8
Kg7 35. Re3 Be7 36. Rb8 Nc4 37. Rb7 1-0

[Event "Madrid ch Veteranos 2015-2016"]
[Site "Madrid ESP"]
[Date "2016.01.12"]
[Round "2.27"]
[White "Sanchez Lucena, Juan"]
[Black "Canseco Arenas, Alfonso"]
[Result "0-1"]
[WhiteElo "1440"]
[BlackElo "1690"]
[PlyCount "78"]
[EventDate "2016.01.11"]
[EventType "swiss"]
[EventRounds "9"]
[EventCountry "ESP"]
[Source "lmi"]
[SourceDate "2016.01.11"]

1. d4 Nf6 2. Nf3 d5 3. Bg5 c6 4. a3 Ne4 5. Bh4 Qb6 6. Qc1 h6 7. e3 f5 8. Bg3
Nd7 9. Ne5 Nxe5 10. Bxe5 e6 11. Be2 Nf6 12. Bxf6 gxf6 13. Bh5+ Ke7 14. O-O Bd7
15. Nd2 Be8 16. Be2 h5 17. Nf3 Bh6 18. b4 a6 19. c4 Rg8 20. Nh4 Bg5 21. Nf3 Bd7
22. Nxg5 Rxg5 23. f4 Rg7 24. Bxh5 Rag8 25. g3 Rh8 26. Ra2 Rxh5 27. cxd5 cxd5
28. Rc2 Kd6 29. Rff2 Bb5 30. Qd1 Rhh7 31. Rc5 Bc4 32. Rg2 Qd8 33. Qa4 Bb5 34.
Qc2 Qd7 35. Rc3 Bc4 36. a4 Qc6 37. Qb2 Qxa4 38. Ra3 Qd1+ 39. Kf2 Qf1# 0-1

[Event "Madrid ch Veteranos 2015-2016"]
[Site "Madrid ESP"]
[Date "2016.01.12"]
[Round "2.28"]
[White "Calderon Martin, Antonio"]
[Black "Rufo Yebra, Benito"]
[Result "1-0"]
[WhiteElo "1679"]
[BlackElo "1450"]
[PlyCount "93"]
[EventDate "2016.01.11"]
[EventType "swiss"]
[EventRounds "9"]
[EventCountry "ESP"]
[Source "lmi"]
[SourceDate "2016.01.11"]

1. e4 e5 2. Nf3 Nc6 3. Bb5 d6 4. d4 Bd7 5. O-O Nf6 6. Bg5 h6 7. Bxf6 gxf6 8. d5
Ne7 9. Bxd7+ Qxd7 10. a4 Rg8 11. Qd3 a6 12. Kh1 Ng6 13. g3 Qh3 14. Ng1 Qh5 15.
Qf3 Qg5 16. Nh3 Nh4 17. Nxg5 Nxf3 18. Nxf3 O-O-O 19. Nbd2 h5 20. Nh4 Bh6 21.
Nc4 Bg5 22. Nf5 Kd7 23. h4 Bf4 24. gxf4 Rg4 25. Ng3 Rxh4+ 26. Kg2 exf4 27. Nf5
Rg8+ 28. Kf3 Rh3+ 29. Ke2 Rg4 30. Rh1 f3+ 31. Ke3 Rxh1 32. Rxh1 Rg5 33. Nd2 c6
34. Nxf3 Rg8 35. Rg1 Rc8 36. Rg7 Kc7 37. Rxf7+ Kb6 38. Nxd6 Rb8 39. Rxb7+ Rxb7
40. Nxb7 Kxb7 41. c4 c5 42. Kf4 Kb6 43. Kf5 Ka5 44. d6 Kb6 45. Ke6 f5 46. exf5
h4 47. d7 1-0

[Event "Madrid ch Veteranos 2015-2016"]
[Site "Madrid ESP"]
[Date "2016.01.12"]
[Round "2.29"]
[White "Martinez Miura, Enrique"]
[Black "Martin Rodriguez, Jose Luis"]
[Result "0-1"]
[WhiteElo "1646"]
[BlackElo "1313"]
[PlyCount "34"]
[EventDate "2016.01.11"]
[EventType "swiss"]
[EventRounds "9"]
[EventCountry "ESP"]
[Source "lmi"]
[SourceDate "2016.01.11"]

1. Nf3 Nf6 2. d4 e6 3. c4 Bb4+ 4. Bd2 Qe7 5. a3 Bxd2+ 6. Nbxd2 d5 7. e3 O-O 8.
Bd3 dxc4 9. Nxc4 b6 10. O-O Bb7 11. Qe2 Ne4 12. Nfd2 Nxd2 13. Nxd2 f5 14. Rac1
Rf6 15. f3 Rh6 16. Rf2 Nd7 17. Rxc7 Qd6 0-1

[Event "Madrid ch Veteranos 2015-2016"]
[Site "Madrid ESP"]
[Date "2016.01.12"]
[Round "2.30"]
[White "Navarro Corredor, Angel"]
[Black "Beekhof Harmsen, Willen"]
[Result "0-1"]
[WhiteElo "1395"]
[BlackElo "1644"]
[PlyCount "96"]
[EventDate "2016.01.11"]
[EventType "swiss"]
[EventRounds "9"]
[EventCountry "ESP"]
[Source "lmi"]
[SourceDate "2016.01.11"]

1. e4 g6 2. Nf3 d6 3. Bc4 Bg7 4. O-O Nd7 5. d4 c5 6. c3 a6 7. Be3 b5 8. Be2 Bb7
9. dxc5 Nxc5 10. Bxc5 dxc5 11. Qc2 Qc7 12. Nbd2 Nf6 13. e5 Ng4 14. e6 f5 15. h3
Nf6 16. Rad1 O-O 17. Nh2 Bd5 18. Bf3 Rad8 19. Bxd5 Nxd5 20. Ndf3 Nf4 21. Rxd8
Rxd8 22. Rd1 Nxe6 23. Rxd8+ Nxd8 24. Qe2 e5 25. Ne1 e4 26. Nf1 c4 27. Qd2 Nf7
28. Qd5 Qd8 29. Ne3 Qxd5 30. Nxd5 Nd6 31. Nc7 a5 32. Nc2 Kf7 33. Nd5 Ke6 34.
Nde3 f4 35. Nd1 Kd5 36. Kf1 Nf7 37. Ke2 Ne5 38. Nd4 b4 39. Nb5 f3+ 40. gxf3
exf3+ 41. Ke1 Nd3+ 42. Kf1 Kc6 43. Na7+ Kc5 44. Nc8 Nc1 45. cxb4+ axb4 46. a4
c3 47. a5 c2 48. Ke1 Nd3+ 0-1

[Event "Madrid ch Veteranos 2015-2016"]
[Site "Madrid ESP"]
[Date "2016.01.12"]
[Round "2.32"]
[White "Perez Ramos, Miguel Angel"]
[Black "Ballesteros Jimenez, Miguel Angel"]
[Result "0-1"]
[WhiteElo "1259"]
[BlackElo "1603"]
[PlyCount "82"]
[EventDate "2016.01.11"]
[EventType "swiss"]
[EventRounds "9"]
[EventCountry "ESP"]
[Source "lmi"]
[SourceDate "2016.01.11"]

1. e4 d5 2. exd5 Qxd5 3. Nc3 Qd6 4. Bd3 a6 5. Ne4 Qb6 6. Qf3 Nd7 7. Bc4 Ngf6 8.
d3 Ne5 9. Nxf6+ gxf6 10. Qe2 Rg8 11. Bd5 Bg4 12. Qe4 O-O-O 13. b3 Qa5+ 14. Bd2
Qxd5 15. Qxd5 Rxd5 16. f3 Be6 17. O-O-O Rxg2 18. f4 Nc6 19. Nf3 Bg4 20. Rdf1
Nd4 21. Nh4 Bh3 22. c3 Rxd2 23. cxd4 Bxf1 24. Kxd2 Bh3 25. Rg1 Rxd4 26. Rg8 Rd8
27. Rg3 Be6 28. f5 Bh6+ 29. Kc2 Bd5 30. Ng2 Bxg2 31. Rxg2 Bg5 32. h4 Bxh4 33.
Rg7 Rd5 34. Rxh7 Bg5 35. Rxf7 Kd7 36. Rh7 Rxf5 37. Rh3 Rf2+ 38. Kc3 Rxa2 39. d4
b5 40. Rd3 Kd6 41. d5 Bd2+ 0-1

[Event "Madrid ch Veteranos 2015-2016"]
[Site "Madrid ESP"]
[Date "2016.01.13"]
[Round "3.1"]
[White "Elissalt Cardenas, Hector"]
[Black "Cabañas Bravo, Juan Andres"]
[Result "1-0"]
[WhiteElo "2358"]
[BlackElo "1957"]
[PlyCount "97"]
[EventDate "2016.01.11"]
[EventType "swiss"]
[EventRounds "9"]
[EventCountry "ESP"]
[Source "lmi"]
[SourceDate "2016.01.11"]

1. Nf3 Nf6 2. g3 g6 3. Bg2 Bg7 4. d3 d5 5. O-O O-O 6. c3 c5 7. Nbd2 d4 8. c4
Nc6 9. a3 h6 10. Ne1 e5 11. Nc2 Qe7 12. b4 Bf5 13. Nb3 Nd7 14. bxc5 Nxc5 15.
Nxc5 Qxc5 16. Nb4 Rfc8 17. Bd2 Qe7 18. Nd5 Qe6 19. Qc2 Bh3 20. Bxh3 Qxh3 21.
Rfb1 b6 22. a4 Rab8 23. Qd1 Qe6 24. Rb5 Bf8 25. Rab1 Kg7 26. Qf1 Bc5 27. Qg2
Qd6 28. Qh3 Rh8 29. R5b3 Rbe8 30. f3 f5 31. a5 Ne7 32. Nxe7 Rxe7 33. g4 Qf6 34.
Qg2 f4 35. axb6 axb6 36. Ra1 Qc6 37. Bb4 h5 38. Bxc5 bxc5 39. Ra5 hxg4 40. Qxg4
Qd7 41. Qg5 Rc8 42. Rb6 Re6 43. Qg4 Kf6 44. Qh4+ Kg7 45. Rxe6 Qxe6 46. Ra7+ Kg8
47. Qh7+ Kf8 48. Qh8+ Qg8 49. Qf6+ 1-0

[Event "Madrid ch Veteranos 2015-2016"]
[Site "Madrid ESP"]
[Date "2016.01.13"]
[Round "3.2"]
[White "Garcia Martin, Esteban"]
[Black "Casares Ripoll, Fernando"]
[Result "0-1"]
[WhiteElo "1894"]
[BlackElo "2133"]
[PlyCount "86"]
[EventDate "2016.01.11"]
[EventType "swiss"]
[EventRounds "9"]
[EventCountry "ESP"]
[Source "lmi"]
[SourceDate "2016.01.11"]

1. c4 Nf6 2. Nc3 d5 3. cxd5 Nxd5 4. g3 g6 5. Bg2 Nb6 6. Nf3 Bg7 7. O-O e5 8. d3
O-O 9. Bg5 f6 10. Be3 Nc6 11. Rc1 Be6 12. Ne4 Nd7 13. Qa4 Re8 14. b4 Nb6 15.
Qa3 Bf8 16. Nc5 Bxc5 17. Bxc5 Nd5 18. b5 Nce7 19. Qb3 Bf7 20. Nd2 b6 21. Ba3 c5
22. bxc6 Rc8 23. Ne4 Rxc6 24. Rxc6 Nxc6 25. Nd6 Re7 26. Nxf7 Rxf7 27. Qb5 Nce7
28. Rc1 Kg7 29. Bb2 Qd6 30. a3 Nc7 31. Qb3 Ne6 32. Rd1 Nf5 33. e3 Nc5 34. Qc4
Rc7 35. g4 Nh4 36. g5 fxg5 37. Qg4 h6 38. d4 Qe6 39. Qg3 Rd7 40. d5 Qf5 41.
Bxe5+ Kh7 42. Bb2 Rf7 43. Qe5 Qxf2+ 0-1

[Event "Madrid ch Veteranos 2015-2016"]
[Site "Madrid ESP"]
[Date "2016.01.13"]
[Round "3.3"]
[White "Pastor Alonso de Prado, Alberto Emilio"]
[Black "Lorenzo Bailador, Alfredo"]
[Result "0-1"]
[WhiteElo "2115"]
[BlackElo "1951"]
[PlyCount "28"]
[EventDate "2016.01.11"]
[EventType "swiss"]
[EventRounds "9"]
[EventCountry "ESP"]
[Source "lmi"]
[SourceDate "2016.01.11"]

1. d4 d5 2. c4 e6 3. Nc3 Be7 4. Nf3 Nf6 5. g3 O-O 6. Bg2 dxc4 7. O-O c5 8. Qa4
cxd4 9. Rd1 Nc6 10. Bf4 Qb6 11. Nb5 Bd7 12. Bc7 Qc5 13. Na3 Rfc8 14. Bf4 Nb4
0-1

[Event "Madrid ch Veteranos 2015-2016"]
[Site "Madrid ESP"]
[Date "2016.01.13"]
[Round "3.4"]
[White "Gonzalez Mateos, Rafael"]
[Black "Gil Sierra, Jacinto"]
[Result "0-1"]
[WhiteElo "1986"]
[BlackElo "1938"]
[PlyCount "72"]
[EventDate "2016.01.11"]
[EventType "swiss"]
[EventRounds "9"]
[EventCountry "ESP"]
[Source "lmi"]
[SourceDate "2016.01.11"]

1. d4 e6 2. Nf3 c5 3. e3 Nc6 4. c3 Nf6 5. Bd3 d5 6. O-O Qc7 7. Nbd2 Bd7 8. Re1
Be7 9. dxc5 Bxc5 10. b4 Be7 11. Bb2 Rc8 12. a3 a6 13. c4 dxc4 14. Nxc4 O-O 15.
Rc1 Rfd8 16. Qe2 Nd5 17. Nfe5 Bf6 18. Nxd7 Rxd7 19. Bxf6 Nxf6 20. Na5 Qb6 21.
Rc2 Ne7 22. Rec1 Rxc2 23. Qxc2 g6 24. Bf1 Qd8 25. g3 Nfd5 26. e4 Nf6 27. Nxb7
Rxb7 28. Bxa6 Rd7 29. Bf1 Rd2 30. Qc7 Nxe4 31. Qxd8+ Rxd8 32. a4 Nd5 33. b5 Ra8
34. Ra1 Ra5 35. Bg2 Nec3 36. Bxd5 Nxd5 0-1

[Event "Madrid ch Veteranos 2015-2016"]
[Site "Madrid ESP"]
[Date "2016.01.13"]
[Round "3.5"]
[White "Gonzalez Rivera, Eduardo"]
[Black "Garcia Gutierrez, Jose"]
[Result "0-1"]
[WhiteElo "2059"]
[BlackElo "1907"]
[PlyCount "64"]
[EventDate "2016.01.11"]
[EventType "swiss"]
[EventRounds "9"]
[EventCountry "ESP"]
[Source "lmi"]
[SourceDate "2016.01.11"]

1. e4 e6 2. d4 d5 3. Nd2 Nf6 4. e5 Nfd7 5. f4 c5 6. c3 Nc6 7. Ndf3 Qb6 8. g3
cxd4 9. cxd4 Bb4+ 10. Kf2 g5 11. Ne2 g4 12. Nh4 O-O 13. Kg2 f6 14. f5 Ndxe5 15.
dxe5 fxe5 16. Nc3 h5 17. h3 Nd4 18. hxg4 exf5 19. g5 f4 20. Qxh5 f3+ 21. Nxf3
Bf5 22. Qh8+ Kf7 23. Nxe5+ Ke8 24. Qh5+ Kd8 25. Be3 Bxc3 26. bxc3 Qb2+ 27. Kg1
Be4 28. Nf7+ Rxf7 29. Qh8+ Kd7 30. Bh3+ Kc6 31. Qh6+ Kb5 32. c4+ dxc4 0-1

[Event "Madrid ch Veteranos 2015-2016"]
[Site "Madrid ESP"]
[Date "2016.01.13"]
[Round "3.6"]
[White "Vukotic Jovsic, Dragan"]
[Black "Lopez De Turiso, Jose Angel"]
[Result "1/2-1/2"]
[WhiteElo "1947"]
[BlackElo "2083"]
[PlyCount "125"]
[EventDate "2016.01.11"]
[EventType "swiss"]
[EventRounds "9"]
[EventCountry "ESP"]
[Source "lmi"]
[SourceDate "2016.01.11"]

1. d4 f5 2. Bf4 Nf6 3. Nf3 e6 4. e3 Be7 5. Bd3 b6 6. Nc3 Bb7 7. h3 O-O 8. Qe2
c5 9. O-O-O d5 10. dxc5 bxc5 11. Nb5 Na6 12. Nd6 Bxd6 13. Bxa6 Rb8 14. Bxb7
Rxb7 15. Qa6 Rb6 16. Qa3 Ne4 17. Rhf1 Rf7 18. Bxd6 Qxd6 19. Nd2 Nxd2 20. Kxd2
Rfb7 21. b3 d4 22. Qb2 e5 23. Kc1 Rd7 24. f4 Qh6 25. Qa3 Rc7 26. Qa4 Re6 27.
Qb5 Rce7 28. Qxc5 dxe3 29. Qxe3 exf4 30. Rd8+ Kf7 31. Qd4 Re1+ 32. Rxe1 Rxe1+
33. Kd2 Re7 34. Qd5+ Qe6 35. c4 Qxd5+ 36. Rxd5 Ke6 37. Ke2 g5 38. Kf3 h5 39.
Ra5 h4 40. Ra6+ Kf7 41. c5 Re3+ 42. Kf2 Rc3 43. Rxa7+ Ke6 44. Ra6+ Kf7 45. b4
g4 46. Rh6 Ra3 47. hxg4 fxg4 48. Rxh4 Rxa2+ 49. Kg1 Ra1+ 50. Kh2 Rb1 51. Rxg4
Rxb4 52. Rg5 Rc4 53. Kg1 Kf6 54. Rh5 Kg6 55. Rd5 Rc2 56. Kh2 Rc3 57. Rd6+ Kf5
58. c6 Ke5 59. Rh6 Kd5 60. Rh4 Ke5 61. Rh6 Kd5 62. Rh4 Ke5 63. Rh6 1/2-1/2

[Event "Madrid ch Veteranos 2015-2016"]
[Site "Madrid ESP"]
[Date "2016.01.13"]
[Round "3.7"]
[White "Rueda Maria, Ramiro"]
[Black "Serrano Baylin, Francisco"]
[Result "1/2-1/2"]
[WhiteElo "1904"]
[BlackElo "1988"]
[PlyCount "58"]
[EventDate "2016.01.11"]
[EventType "swiss"]
[EventRounds "9"]
[EventCountry "ESP"]
[Source "lmi"]
[SourceDate "2016.01.11"]

1. c4 Nf6 2. Nc3 g6 3. g3 Bg7 4. Bg2 O-O 5. Nf3 d6 6. O-O e5 7. d4 Nc6 8. Bg5
h6 9. Bxf6 Bxf6 10. d5 Ne7 11. e4 Bg7 12. b4 f5 13. Rc1 a5 14. a3 axb4 15. axb4
fxe4 16. Nd2 e3 17. fxe3 Nf5 18. Qe2 h5 19. Nde4 Bh6 20. Nd1 Nd4 21. Qd3 Ra2
22. exd4 Rxf1+ 23. Bxf1 Bxc1 24. Qb1 Bf5 25. Qxa2 Bxe4 26. Qe2 Bf5 27. dxe5
dxe5 28. Qxe5 Qg5 29. h4 Qd2 1/2-1/2

[Event "Madrid ch Veteranos 2015-2016"]
[Site "Madrid ESP"]
[Date "2016.01.13"]
[Round "3.8"]
[White "Fernandez Garcia, Ignacio"]
[Black "Marcos Herrero, Francisco"]
[Result "0-1"]
[WhiteElo "1875"]
[BlackElo "1982"]
[PlyCount "100"]
[EventDate "2016.01.11"]
[EventType "swiss"]
[EventRounds "9"]
[EventCountry "ESP"]
[Source "lmi"]
[SourceDate "2016.01.11"]

1. e4 c5 2. Bc4 e6 3. Nc3 Nc6 4. Nf3 d6 5. d4 cxd4 6. Nxd4 Be7 7. Be3 Nf6 8.
Qe2 a6 9. a3 O-O 10. g4 Nxd4 11. Bxd4 e5 12. Be3 Bxg4 13. f3 Be6 14. Bxe6 fxe6
15. Qc4 Qc8 16. Qb3 b5 17. Ne2 Qc4 18. Qxc4 bxc4 19. O-O-O d5 20. Ng3 Rab8 21.
c3 Rb7 22. Kc2 Rfb8 23. Rb1 g6 24. Rhg1 Kf7 25. h3 Nd7 26. f4 Bd6 27. f5 exf5
28. exf5 Bc5 29. fxg6+ hxg6 30. Rgf1+ Kg7 31. Rfe1 e4 32. Bf4 Re8 33. Rbd1 Nb6
34. h4 Re6 35. h5 Na4 36. Rb1 Reb6 37. Be5+ Kh7 38. b4 cxb3+ 39. Kd2 Re6 40.
Bd4 Bxd4 41. cxd4 b2 42. Ne2 Rc7 43. hxg6+ Rxg6 44. Nf4 Rg5 45. Rh1+ Kg8 46.
Rbg1 Rcg7 47. Rf1 Rg3 48. Ne6 Rd3+ 49. Kc2 Rg2+ 50. Kb1 Nc3# 0-1

[Event "Madrid ch Veteranos 2015-2016"]
[Site "Madrid ESP"]
[Date "2016.01.13"]
[Round "3.9"]
[White "Martin Martin, Luis Vicente"]
[Black "Alvarez Escudero, Manuel"]
[Result "1/2-1/2"]
[WhiteElo "1967"]
[BlackElo "1820"]
[PlyCount "29"]
[EventDate "2016.01.11"]
[EventType "swiss"]
[EventRounds "9"]
[EventCountry "ESP"]
[Source "lmi"]
[SourceDate "2016.01.11"]

1. d4 d5 2. Bf4 e6 3. e3 Nf6 4. Nf3 Nh5 5. Bg5 Be7 6. Bxe7 Qxe7 7. Ne5 Nf6 8.
c3 Nbd7 9. Bd3 Nxe5 10. dxe5 Nd7 11. f4 Qh4+ 12. g3 Qh3 13. Nd2 f6 14. exf6
Nxf6 15. Qf3 1/2-1/2